| 000 | 00728nam a2200229 i 4500 | ||
|---|---|---|---|
| 001 | 13265 | ||
| 003 | ES-MaACL | ||
| 005 | 20250523062552.0 | ||
| 007 | t| | ||
| 008 | 980120s1994 sp ||||1| spa d | ||
| 020 | _a84-85708-36-9 | ||
| 080 | _a860-14"19" | ||
| 100 | 1 |
_aEscudero, Isabel, _d1944-2017 _947684 |
|
| 245 | 1 | 0 |
_aCoser y cantar / _cIsabel Escudero ; prólogo de Agustín García Calvo. |
| 250 | _a3ª ed. corr. | ||
| 260 |
_aZamora : _bLucina, _c1994. |
||
| 300 |
_a94 p. ; _c21 cm. |
||
| 700 | 1 |
_aGarcía Calvo, Agustín, _d1926-2012 _9233841 |
|
| 852 |
_aES-MaACL _jL-20633 _bR.126343 _q. - Ded. autógr. de la autora y el pr. |
||
| 852 |
_aES-MaACL _jL-22725 _bR.128139 |
||
| 999 |
_c13265 _d13265 |
||